01014nam a2200265Ia 4500001001200000003000800012006001900020007001500039008004100054020001800095040002100113035002100134050002400155100002200179245010400201260004800305300001100353533015200364650001900516650002400535655002900559710001700588856012600605999001700731ebr10231486CaPaEBRm u cr cn|||||||||071027s2008 enk s 000 0 eng d z9781841501864 aCaPaEBRcCaPaEBR a(OCoLC)46318861714aPG3240b.M33 2008eb1 aMacDonald, James.10aRussia, freaks and foreignersh[electronic resource] :bthree performance texts /cJames MacDonald. aBristol, UK ;aChicago :bIntellect,c2008. a218 p. aElectronic reproduction.bPalo Alto, Calif. :cebrary,d2009.nAvailable via World Wide Web.nAccess may be limited to ebrary affiliated libraries. 0aRussian drama. 0aRussian literature. 7aElectronic books.2local2 aebrary, Inc.40uhttp://site.ebrary.com/lib/rucke/Doc?id=10231486zAn electronic book accessible through the World Wide Web; click to view c39747d39747